World apparel fibre consumption survey, 1987 = Enauête sur la consommation mondiale de fibres d'habillement = Estudio sobre el consumo mundial de fibras para prendas de vestir.

Bibliographic Details
Corporate Author: Food and Agriculture Organization of the United Nations
Format: Book
Language:English
French
Spanish
Published: Rome : Food and Agriculture Organization of the United Nations, [1987]
Subjects:

MARC

Tag First Indicator Second Indicator Subfields
LEADER 00000cam a2200000 a 4500
001 in00000028151
005 20151007060010.0
008 880405s1987 it s i00000 eng d
020 |a 9250025998 
035 |a (OCoLC)17738140 
035 |9 AAB9842AM 
040 |a TXA  |c TXA  |d VPI  |d TXA  |d UtOrBLW 
041 0 |a eng  |a fre  |a spa 
049 |a TXAM  |c [A11650069] 
050 4 |a HD9155.A2  |b W67 1987 
245 0 0 |a World apparel fibre consumption survey, 1987 =  |b Enauête sur la consommation mondiale de fibres d'habillement = Estudio sobre el consumo mundial de fibras para prendas de vestir. 
246 3 1 |a Enauête sur la consommation mondiale de fibres d'habillement 
246 3 1 |a Estudio sobre el consumo mundial de fibras para prendas de vestir. 
264 1 |a Rome :  |b Food and Agriculture Organization of the United Nations,  |c [1987] 
264 4 |c ©1987 
300 |a xvii, 134 pages ;  |c 30 cm. 
336 |a text  |b txt  |2 rdacontent 
337 |a unmediated  |b n  |2 rdamedia 
338 |a volume  |b nc  |2 rdacarrier 
500 |a "ESC/M/87/1." 
500 |a "Per caput fibre consumption and trade balances of yarn and textile products in raw fibre terms, 1982, 1983, 1984, 1985: cotton, wool, flax and competing man-made fibres." 
650 0 |a Plant fiber industry  |x Statistics. 
650 0 |a Forest products industry  |x Statistics. 
650 0 |a Silk industry  |x Statistics. 
650 0 |a Synthetic fibers industry  |x Statistics. 
650 0 |a Market suveys. 
710 2 |a Food and Agriculture Organization of the United Nations. 
740 0 |a Enauête sur la consommation mondiale de fibres d'habillement. 
740 0 |a Estudio sobre el consumo mundial de fibras para prendas de vestir. 
999 |a MARS 
999 f f |s 2813e382-bf79-3c07-bb92-2d8f962146fd  |i cdd42134-0881-3314-af82-f6f6d130c89d  |t 0 
952 f f |p ric  |a Texas A&M University  |b Rellis Campus  |c Joint Library Facility  |d Remote Storage  |t 0  |e HD9155.A2 W67 1987  |h Library of Congress classification  |i unmediated -- volume  |m A14811650069 
998 f f |a HD9155.A2 W67 1987  |t 0  |l Remote Storage